Which City in the Nordic Countries? - Statistics

General Stats
  • This quiz has been taken 97 times
  • The average score is 13 of 20
Answer Stats
Hint Letter City % Correct
Hosts the Nobel Prize ceremonies every year S Stockholm
100%
Located just 80 km north of Tallinn H Helsinki
98%
Tivoli Gardens and The Little Mermaid statue can be found in this city C Copenhagen
96%
Located on the eastern side of the Øresund Bridge M Malmö
95%
Was known as "Christiania" or "Kristiania" until 1925 O Oslo
94%
Second-largest city in Sweden G Gothenburg
92%
It was the largest city in Norway until the 1830s B Bergen
85%
Largest Danish city in Jutland A Aarhus
78%
Largest city in the county of Trøndelag T Trondheim
78%
Hallgrímskirkja and Alþingishúsið are some of its major sights R Reykjavik
74%
Home to the oldest university in the Nordic Countries U Uppsala
72%
Hosted the Winter Olympics in 1994 L Lillehammer
68%
Most populous city on the island of Gotland V Visby
48%
Major Finnish city on the Arctic Circle R Rovaniemi
47%
Most populous inland city in the Nordic Countries T Tampere
47%
Largest city of the Faroe Islands T Tórshavn
44%
Danish city that hosts the largest annual music festival in the Nordics R Roskilde
41%
Capital and largest city of the autonomous region of Åland M Mariehamn
31%
Small town home to the original Legoland and the headquarters of the Lego Group B Billund
28%
The northernmost city in Sweden, has been partially relocated due to a major iron mine K Kiruna
25%
No matching quizzes found
Score Distribution
Percent of People with Each Score
Percentile by Number Answered
Your Score History
You have not taken this quiz